Statistics for Somebody Great and German

Click here to take the quiz!

General Stats

  • This quiz has been taken 13 times
  • The average score is 61 of 80

Answer Stats

QuestionTileSelect% Correct
German artistsAlexej von JawlenskyNo
100%
German artistsAsger JornNo
100%
German philosophersBertrand RussellNo
100%
German artistsCarl AndreNo
100%
German soccer playersEdin DžekoNo
100%
German composersEdvard GriegNo
100%
German philosophersFriedrich NietzscheYes
100%
German composersGeorges BizetNo
100%
German philosophersHenri BergsonNo
100%
German authorsHenrik IbsenNo
100%
German authorsH.G. WellsNo
100%
German philosophersImmanuel KantYes
100%
German composersJean SibeliusNo
100%
German soccer playersKevin De BruyneNo
100%
German soccer playersKlaas-Jan HuntelaarNo
100%
German soccer playersMario BalotelliNo
100%
German composersPhilip GlassNo
100%
German authorsPrimo LeviNo
100%
German authorsSigmund FreudNo
100%
German philosophersSøren KierkegaardNo
100%
German artistsWassily KandinskyNo
100%
German soccer playersArjen RobbenNo
90%
German philosophersArthur SchopenhauerYes
90%
German artistsClaes OldenburgNo
90%
German authorsFranz KafkaNo
90%
German composersFranz LisztNo
90%
German composersFrédéric ChopinNo
90%
German philosophersGeorg Wilhelm Friedrich HegelYes
90%
German philosophersKarl MarxYes
90%
German philosophersLouis AlthusserNo
90%
German authorsMarcel ProustNo
90%
German soccer playersPavel NedvědNo
90%
German artistsAlbrecht DürerYes
80%
German authorsBertolt BrechtYes
80%
German philosophersCarl Gustav JungNo
80%
German authorsE.T.A. HoffmannYes
80%
German authorsFriedrich SchillerYes
80%
German soccer playersGerd MüllerYes
80%
German composersGustav HolstNo
80%
German composersJohann Sebastian BachYes
80%
German authorsJohann Wolfgang von GoetheYes
80%
German composersLudwig van BeethovenYes
80%
German artistsPaul KleeNo
80%
German composersRichard WagnerYes
80%
German soccer playersRobert LewandowskiNo
80%
German artistsRobert RauschenbergNo
80%
German composersRobert SchumannYes
80%
German authorsThomas MannYes
80%
German soccer playersAlisson BeckerNo
70%
German artistsCaspar David FriedrichYes
70%
German authorsErnst JüngerYes
70%
German composersFelix Mendelssohn BartholdyYes
70%
German artistsGerhard RichterYes
70%
German composersKarlheinz StockhausenYes
70%
German composersRichard StraussYes
70%
German authorsStefan ZweigNo
70%
German philosophersZygmunt BaumanNo
70%
German philosophersEdmund HusserlYes
60%
German artistsHans Holbein the YoungerYes
60%
German authorsHeinrich HeineYes
60%
German artistsOtto DixYes
60%
German soccer playersUwe SeelerYes
60%
German authorsErich Maria RemarqueYes
50%
German artistsFranz MarcYes
50%
German philosophersGotthold Ephraim LessingYes
50%
German composersGustav MahlerNo
50%
German artistsHannah HöchYes
50%
German artistsJoseph BeuysYes
50%
German philosophersKarl PopperNo
50%
German authorsMartin LutherYes
50%
German composersPaul HindemithYes
50%
German philosophersTheodor W. AdornoYes
50%
German soccer playersUlf KirstenYes
50%
German artistsGeorge GroszYes
40%
German soccer playersHorst HrubeschYes
40%
German soccer playersKlaus AllofsYes
40%
German soccer playersMiroslav KloseYes
40%
German philosophersWalter BenjaminYes
40%
German soccer playersJupp HeynckesYes
30%
German soccer playersMario GomezYes
30%

Score Distribution

Percentile by Number Answered

Percent of People with Each Score

Your Score History

You have not taken this quiz